[Event "Verbandsliga Suedbaden 1920"]
[Site "Baden"]
[Date "2020.02.16"]
[Round "6.4"]
[White "Ernst, Rolf"]
[Black "Lang, Alexander"]
[Result "0-1"]
[WhiteElo "1930"]
[BlackElo "2032"]
[PlyCount "116"]
[EventDate "2019.09.29"]
[EventType "team-tourn"]
[EventRounds "9"]
[EventCountry "GER"]
[SourceTitle "EXT 2021"]
[Source "ChessBase"]
[SourceDate "2020.10.23"]
[SourceVersion "1"]
[SourceVersionDate "2020.10.23"]
[SourceQuality "1"]
[WhiteTeam "Dreilaendereck II"]
[BlackTeam "Oberwinden"]
[WhiteTeamCountry "GER"]
[BlackTeamCountry "GER"]

1. d4 d5 2. Bf4 Nf6 3. Nf3 e6 4. e3 c5 5. c3 Nc6 6. Nbd2 Bd6 7. Bg3 0-0 8. Bd3 Ne7 9. Ne5 b6 10. f4 Bb7 11. Qf3 Nf5 12. Bf2 Be7 13. Ng4 Nd6 14. Nxf6+ Bxf6 15. h4 Be7 16. h5 f5 17. 0-0-0 a5 18. g4 a4 19. a3 Ne4 20. gxf5 exf5 21. Qe2 Qc8 22. Bh4 Bd6 23. Kb1 Rf7 24. Rc1 Qf8 25. Ka2 Rc7 26. Nf3 Bc6 27. Ne5 Be8 28. Bb5 c4 29. Bxe8 Qxe8 30. Rhg1 Ra5 31. Rg2 Rb5 32. Rcg1 Rb3 33. Be1 Bxa3 34. bxa3 Qf8 35. Qb2 Rxb2+ 36. Rxb2 Rb7 37. Rb5 Qd6 38. Kb2 Qe6 39. Kc1 Nd6 40. Rb4 Qe8 41. Rg5 b5 42. Rb2 Ne4 43. Rxf5 Qe6 44. Rg5 Nxg5 45. fxg5 Qh3 46. e4 Qxh5 47. exd5 Qh1 48. Re2 Qxd5 49. Bd2 Rb8 50. g6 Rf8 51. gxh7+ Kxh7 52. Rh2+ Kg8 53. Ng6 Rf1+ 54. Kb2 Kf7 55. Ne5+ Ke6 56. Re2 Kd6 57. Kc2 Qh1 58. Bg5 Qh5 0-1

[Event "Basel op"]
[Site "Basel"]
[Date "2015.01.05"]
[Round "7"]
[White "Bussachini, Michel"]
[Black "Ernst, Rolf"]
[Result "1/2-1/2"]
[WhiteElo "2004"]
[BlackElo "2036"]
[PlyCount "48"]
[EventDate "2015.01.01"]
[EventType "swiss"]
[EventRounds "7"]
[EventCountry "SUI"]
[SourceTitle "CBM 164 Extra"]
[Source "ChessBase"]
[SourceDate "2015.03.02"]
[SourceVersion "1"]
[SourceVersionDate "2015.03.02"]
[SourceQuality "1"]

1. e4 c5 2. Nf3 d6 3. c3 Nf6 4. Bd3 Nc6 5. 0-0 e6 6. Re1 Qc7 7. Bb5 Bd7 8. d4 cxd4 9. cxd4 a6 10. Bxc6 bxc6 11. Nc3 e5 12. h3 Be7 13. Bg5 0-0 14. Rc1 Rfe8 15. dxe5 dxe5 16. Bxf6 gxf6 17. Nd5 Qd8 18. Nxe7+ Qxe7 19. Qd2 Rab8 20. b3 a5 21. Red1 Red8 22. Qd6 Kf8 23. Qxe7+ Kxe7 24. Rd3 Rb4 1/2-1/2

[Event "Basel op"]
[Site "Basel"]
[Date "2015.01.04"]
[Round "6"]
[White "Ernst, Rolf"]
[Black "Hugentobler, Patrick"]
[Result "0-1"]
[WhiteElo "2036"]
[BlackElo "2207"]
[PlyCount "76"]
[EventDate "2015.01.01"]
[EventType "swiss"]
[EventRounds "7"]
[EventCountry "SUI"]
[SourceTitle "CBM 164 Extra"]
[Source "ChessBase"]
[SourceDate "2015.03.02"]
[SourceVersion "1"]
[SourceVersionDate "2015.03.02"]
[SourceQuality "1"]

1. d4 Nf6 2. c4 g6 3. Nc3 d5 4. e3 Bg7 5. Nf3 0-0 6. Be2 dxc4 7. Bxc4 c5 8. 0-0 cxd4 9. Nxd4 a6 10. a4 e5 11. Nf3 Nc6 12. Ng5 Qe7 13. a5 e4 14. Qa4 Bd7 15. Ngxe4 Nxe4 16. Nxe4 Ne5 17. Qb3 Nxc4 18. Qxc4 Bb5 19. Qc2 Rac8 20. Nc3 Bxf1 21. Kxf1 Qc7 22. g3 Rfd8 23. Ra3 Rd5 24. Qa4 Bxc3 25. Rxc3 Qd8 26. Qc2 Rxc3 27. bxc3 Rxa5 28. e4 Qc8 29. Qe2 Ra1 30. Qe3 Qh3+ 31. Ke2 Qh5+ 32. Kf1 Qxh2 33. Ke2 Qh5+ 34. f3 Ra2+ 35. Bd2 Qh2+ 36. Kd3 Qxg3 37. Qc5 Qxf3+ 38. Be3 Qd1+ 0-1

[Event "Basel op"]
[Site "Basel"]
[Date "2015.01.01"]
[Round "1"]
[White "Kolbus, Dietmar"]
[Black "Ernst, Rolf"]
[Result "1-0"]
[WhiteElo "2319"]
[BlackElo "2036"]
[PlyCount "99"]
[EventDate "2015.01.01"]
[EventType "swiss"]
[EventRounds "7"]
[EventCountry "SUI"]
[SourceTitle "CBM 164 Extra"]
[Source "ChessBase"]
[SourceDate "2015.03.02"]
[SourceVersion "1"]
[SourceVersionDate "2015.03.02"]
[SourceQuality "1"]

1. c4 Nf6 2. Nc3 d5 3. cxd5 Nxd5 4. Nf3 g6 5. Qa4+ c6 6. Qd4 Rg8 7. Qa4 Nb6 8. Qd1 Bg7 9. d4 Bg4 10. e3 N8d7 11. h3 Bxf3 12. Qxf3 e5 13. d5 Qf6 14. dxc6 bxc6 15. Qd1 Qe6 16. e4 Ke7 17. Be2 Rgd8 18. 0-0 Kf8 19. Qc2 Kg8 20. Be3 Bf8 21. Bg4 Qf6 22. Rad1 Nc5 23. Nb1 h5 24. Bxc5 hxg4 25. hxg4 Bh6 26. Rxd8+ Rxd8 27. Rd1 Re8 28. Qe2 Qe6 29. b3 Bg5 30. Nc3 Rd8 31. f3 Kg7 32. Rxd8 Bxd8 33. Be3 Bh4 34. Qd2 Qe7 35. g5 f6 36. gxf6+ Bxf6 37. Ne2 Bh4 38. g3 Bf6 39. Kg2 Nc8 40. Ng1 Qc7 41. Nh3 Nd6 42. Nf2 Kf7 43. Ng4 Bh8 44. Qc3 Ke6 45. Bc5 Bg7 46. a4 a5 47. Qe3 Nb7 48. Ba3 Qd7 49. Qg5 Kf7 50. Nxe5+ 1-0

[Event "Basel op"]
[Site "Basel"]
[Date "2014.01.01"]
[Round "1"]
[White "Ernst, Rolf"]
[Black "Lerch, Patrice"]
[Result "0-1"]
[WhiteElo "2068"]
[BlackElo "2383"]
[PlyCount "120"]
[EventDate "2014.01.01"]
[EventType "swiss"]
[EventRounds "7"]
[EventCountry "SUI"]
[SourceTitle "CBM 158 Extra"]
[Source "ChessBase"]
[SourceDate "2014.02.28"]
[SourceVersion "1"]
[SourceVersionDate "2014.02.28"]
[SourceQuality "1"]

1. d4 Nf6 2. c4 e6 3. Nc3 Bb4 4. Qc2 c5 5. dxc5 0-0 6. Nf3 Na6 7. Bd2 Nxc5 8. a3 Bxc3 9. Bxc3 a5 10. e3 d6 11. Rd1 Nfe4 12. Be2 a4 13. 0-0 Qe7 14. Bb4 e5 15. Nd2 Nf6 16. Bxc5 dxc5 17. Bf3 Ra6 18. Rfe1 Qe8 19. Ne4 Nxe4 20. Bxe4 f5 21. Bd5+ Kh8 22. f4 Rb6 23. Re2 e4 24. Rdd2 Rb3 25. Qd1 Qg6 26. Qf1 Qf6 27. Qf2 h6 28. h3 Rd8 29. Kh2 Rd6 30. Kg1 Qd8 31. Kf1 b5 32. Kg1 b4 33. axb4 Rxb4 34. Rc2 Qf6 35. Red2 Kh7 36. Qe2 Qe7 37. Rc3 Rdb6 38. Rcc2 Rb3 39. Kh2 Qh4 40. Rc3 Rxc3 41. bxc3 Qf6 42. Qd1 Qxc3 43. Re2 Qd3 44. Qxa4 Be6 45. Bxe6 Rxe6 46. Qc2 Rd6 47. Kg3 Rg6+ 48. Kf2 Qd8 49. Qc3 Qh4+ 50. Kf1 Rb6 51. Rc2 Qg3 52. Qe1 Qh2 53. Kf2 Rb3 54. Qd1 Rb6 55. Qd5 Rg6 56. Ke1 Qg1+ 57. Kd2 Rxg2+ 58. Kc3 Qa1+ 59. Kb3 Qb1+ 60. Ka3 Qb4+ 0-1

[Event "Lugano op 18th"]
[Site "Lugano"]
[Date "2013.11.02"]
[Round "4"]
[White "Mihajlov, Svetoslav"]
[Black "Ernst, Rolf"]
[Result "1-0"]
[WhiteElo "2105"]
[BlackElo "2099"]
[PlyCount "61"]
[EventDate "2013.10.31"]
[EventType "swiss"]
[EventRounds "7"]
[EventCountry "SUI"]
[SourceTitle "EXT 2014"]
[Source "ChessBase"]
[SourceDate "2013.11.20"]
[SourceVersion "1"]
[SourceVersionDate "2013.11.20"]
[SourceQuality "1"]

1. e4 c5 2. Nf3 d6 3. d4 cxd4 4. Nxd4 Nf6 5. Nc3 a6 6. Bg5 e6 7. f4 Qc7 8. Qf3 b5 9. a3 Bb7 10. 0-0-0 Nbd7 11. g4 Be7 12. Bxf6 gxf6 13. f5 e5 14. Nb3 Rc8 15. Qe2 Nb6 16. Nd5 Bxd5 17. exd5 Rg8 18. Rg1 h5 19. h3 hxg4 20. Rxg4 Rxg4 21. hxg4 Kd7 22. Qf2 Bf8 23. g5 fxg5 24. f6 g4 25. Bd3 Re8 26. Bf5+ Kd8 27. Na5 Bh6+ 28. Kb1 Rg8 29. Qh4 Bg5 30. Qh7 Rf8 31. Qg7 1-0

[Event "Karl Mala Memorial op-A 16th"]
[Site "Frankfurt"]
[Date "2013.07.14"]
[Round "7"]
[White "Ernst, Rolf"]
[Black "Niedenthal, Robert"]
[Result "1-0"]
[WhiteElo "2118"]
[BlackElo "1859"]
[PlyCount "85"]
[EventDate "2013.07.11"]
[EventType "swiss"]
[EventRounds "7"]
[EventCountry "GER"]
[SourceTitle "EXT 2014"]
[Source "ChessBase"]
[SourceDate "2013.11.20"]
[SourceVersion "1"]
[SourceVersionDate "2013.11.20"]
[SourceQuality "1"]

1. d4 Nf6 2. c4 c5 3. d5 b5 4. Qc2 b4 5. e4 d6 6. h3 g6 7. Bf4 Bg7 8. Nd2 0-0 9. Be2 e6 10. 0-0-0 a5 11. g4 a4 12. Qd3 exd5 13. cxd5 Re8 14. Qf3 Ba6 15. g5 Nh5 16. Bxa6 Nxa6 17. Nc4 Nxf4 18. Qxf4 Qe7 19. f3 Nc7 20. Ne2 Nb5 21. h4 Nd4 22. Rde1 b3 23. a3 Nc2 24. Reg1 Ra6 25. Rg2 Qf8 26. h5 Qe7 27. Kb1 Nd4 28. Nc3 Rf8 29. Qg4 f5 30. gxf6 Qxf6 31. hxg6 hxg6 32. Qxg6 Qxg6 33. Rxg6 Nxf3 34. Nb5 Kf7 35. Rg3 Ne5 36. Ncxd6+ Kg8 37. Rhg1 Kh8 38. Nf5 Ng6 39. d6 Rf7 40. Rxg6 Ra8 41. Rh1+ Kg8 42. Ne7+ Kf8 43. Rh8+ 1-0

[Event "Karl Mala Memorial op-A 16th"]
[Site "Frankfurt"]
[Date "2013.07.14"]
[Round "6"]
[White "Grimm, Julius"]
[Black "Ernst, Rolf"]
[Result "1-0"]
[WhiteElo "1908"]
[BlackElo "2118"]
[PlyCount "51"]
[EventDate "2013.07.11"]
[EventType "swiss"]
[EventRounds "7"]
[EventCountry "GER"]
[SourceTitle "EXT 2014"]
[Source "ChessBase"]
[SourceDate "2013.11.20"]
[SourceVersion "1"]
[SourceVersionDate "2013.11.20"]
[SourceQuality "1"]

1. d4 Nf6 2. c4 e6 3. Nc3 Bb4 4. e3 c5 5. Nge2 cxd4 6. exd4 d5 7. a3 Be7 8. cxd5 Nxd5 9. Nxd5 Qxd5 10. Nf4 Qd8 11. Be3 0-0 12. Bd3 g6 13. h4 Bf6 14. h5 g5 15. Nh3 e5 16. dxe5 Qa5+ 17. Qd2 Qxe5 18. 0-0-0 g4 19. Nf4 Nc6 20. h6 Rd8 21. Qc2 Nd4 22. Bxh7+ Kh8 23. Rxd4 Rxd4 24. Rh5 Rc4 25. Qxc4 Qxb2+ 26. Kd1 1-0

[Event "Karl Mala Memorial op-A 16th"]
[Site "Frankfurt"]
[Date "2013.07.13"]
[Round "5"]
[White "Ernst, Rolf"]
[Black "Fernandez Egea, Andres"]
[Result "0-1"]
[WhiteElo "2118"]
[BlackElo "1999"]
[PlyCount "82"]
[EventDate "2013.07.11"]
[EventType "swiss"]
[EventRounds "7"]
[EventCountry "GER"]
[SourceTitle "EXT 2014"]
[Source "ChessBase"]
[SourceDate "2013.11.20"]
[SourceVersion "1"]
[SourceVersionDate "2013.11.20"]
[SourceQuality "1"]

1. d4 Nf6 2. c4 g6 3. Nc3 Bg7 4. e4 d6 5. Nf3 0-0 6. Be2 e5 7. 0-0 Nc6 8. d5 Ne7 9. Ne1 Nd7 10. Bg5 f6 11. Bh4 g5 12. Bg3 f5 13. f3 Rf6 14. Bf2 Nf8 15. b4 Nfg6 16. g3 h5 17. exf5 Nxf5 18. Ne4 Rf7 19. Nc2 Bf6 20. Re1 h4 21. Bf1 hxg3 22. hxg3 Rh7 23. Ne3 Nd4 24. Ng4 Bxg4 25. fxg4 Qf8 26. Bg2 Qg7 27. Rc1 Rf8 28. c5 Qh6 29. Rc3 Be7 30. Rd3 Rff7 31. Ree3 Nf8 32. Rc3 Nd7 33. Red3 Nf6 34. Nxf6+ Rxf6 35. Rd2 Qh2+ 36. Kf1 Rhf7 37. a4 a5 38. bxa5 dxc5 39. Qe1 Bd6 40. Qe4 c4 41. Ke1 Bb4 0-1

[Event "Basel Hilton op 15th"]
[Site "Basel"]
[Date "2013.01.04"]
[Round "5"]
[White "Ernst, Rolf"]
[Black "Dimitrov, Atanas Valtchev"]
[Result "0-1"]
[WhiteElo "2131"]
[BlackElo "2346"]
[PlyCount "130"]
[EventDate "2013.01.01"]
[EventType "swiss"]
[EventRounds "7"]
[EventCountry "SUI"]
[SourceTitle "CBM 152 Extra"]
[Source "ChessBase"]
[SourceDate "2013.02.25"]
[SourceVersion "1"]
[SourceVersionDate "2013.02.25"]
[SourceQuality "1"]

1. d4 c5 2. d5 Nf6 3. Nc3 d6 4. e4 g6 5. Be2 Bg7 6. h4 h5 7. Nf3 0-0 8. 0-0 Na6 9. Bf4 Nc7 10. a4 a6 11. Qd2 Re8 12. Rad1 b5 13. axb5 axb5 14. Nxb5 Nxe4 15. Qe3 Nf6 16. Nxc7 Qxc7 17. Bc4 Ba6 18. Bxa6 Rxa6 19. c3 Rb6 20. Rd2 Qb7 21. Qd3 Rxb2 22. c4 Rb3 23. Qe2 e5 24. dxe6 Rxe6 25. Qd1 Ne4 26. Rxd6 Nxd6 27. Bxd6 Bf8 28. Bxf8 Kxf8 29. Qd8+ Kg7 30. Qd1 Rb2 31. Qc1 Rbb6 32. Qc3+ Kg8 33. Qc1 Qe7 34. Qh6 Qf8 35. Qg5 Kg7 36. Qc1 Qe7 37. Rd1 Rbd6 38. Rd5 Rxd5 39. cxd5 Rb6 40. Kf1 Qd6 41. Qc3+ Kg8 42. Qd3 Rb8 43. Nd2 Qe5 44. g3 Rb4 45. Nc4 Qa1+ 46. Kg2 Qa6 47. Ne5 Qxd3 48. Nxd3 Rb5 49. Ne5 Kf8 50. Kf3 Ke7 51. Ke3 Rb3+ 52. Ke2 Kd6 53. Nxf7+ Kxd5 54. Ng5 c4 55. f3 Ra3 56. Kd2 Kc5 57. g4 Kd4 58. gxh5 Ra2+ 59. Kc1 gxh5 60. Ne4 Rh2 61. Ng3 Kc3 62. Ne4+ Kd4 63. Ng3 Kd3 64. Nxh5 Rh1+ 65. Kb2 c3+ 0-1

[Event "Lugano op 15th"]
[Site "Lugano"]
[Date "2012.11.03"]
[Round "5"]
[White "Ernst, Rolf"]
[Black "Rindlisbacher, Lars"]
[Result "0-1"]
[WhiteElo "2136"]
[BlackElo "2334"]
[PlyCount "44"]
[EventDate "2012.11.01"]
[EventType "swiss"]
[EventRounds "7"]
[EventCountry "SUI"]
[SourceTitle "EXT 2013"]
[Source "ChessBase"]
[SourceDate "2012.11.22"]
[SourceVersion "1"]
[SourceVersionDate "2012.11.22"]
[SourceQuality "1"]

1. d4 Nf6 2. Nf3 e6 3. e3 c5 4. Bd3 Nc6 5. Nbd2 d5 6. c3 Bd6 7. e4 e5 8. dxe5 Bxe5 9. exd5 Qxd5 10. Bc4 Qd6 11. Nxe5 Nxe5 12. Bb5+ Bd7 13. Bxd7+ Qxd7 14. 0-0 0-0-0 15. Qb3 Qd5 16. Qa3 Kb8 17. c4 Qd3 18. Qxc5 Rhe8 19. Qa3 Qe2 20. Qe3 Nd3 21. Qg3+ Ka8 22. Nb3 Qxf1+ 0-1

[Event "Lugano op 15th"]
[Site "Lugano"]
[Date "2012.11.02"]
[Round "3"]
[White "Cavaletto, Massimo"]
[Black "Ernst, Rolf"]
[Result "0-1"]
[WhiteElo "2103"]
[BlackElo "2136"]
[PlyCount "108"]
[EventDate "2012.11.01"]
[EventType "swiss"]
[EventRounds "7"]
[EventCountry "SUI"]
[SourceTitle "EXT 2013"]
[Source "ChessBase"]
[SourceDate "2012.11.22"]
[SourceVersion "1"]
[SourceVersionDate "2012.11.22"]
[SourceQuality "1"]

1. f4 c5 2. Nf3 d6 3. g3 b6 4. Bg2 Bb7 5. 0-0 Nf6 6. d3 e6 7. e4 Be7 8. Nc3 0-0 9. h3 d5 10. e5 Nfd7 11. d4 Nc6 12. Be3 Na5 13. Nd2 f5 14. Ne2 Qc7 15. c3 Ba6 16. Nf3 Rac8 17. g4 g6 18. Rf2 Nc4 19. Bc1 Nb8 20. Ng3 Qd7 21. gxf5 gxf5 22. b3 Na5 23. Ng5 Kh8 24. Qh5 Bxg5 25. fxg5 cxd4 26. cxd4 Qf7 27. Qh4 Nac6 28. Nh5 Nxd4 29. Nf4 Nbc6 30. g6 Qe7 31. g7+ Qxg7 32. Nh5 Qg6 33. Bg5 h6 34. Bf6+ Rxf6 35. Qxf6+ Qxf6 36. exf6 Kg8 37. Bf1 Bxf1 38. Raxf1 Kf7 39. Rg2 e5 40. Rg7+ Ke6 41. Rg6 Rh8 42. Kf2 Nd8 43. Rc1 Nf7 44. Rc7 Rf8 45. Re7+ Kd6 46. Ng7 Ng5 47. Ne8+ Kc5 48. Rxe5 Nc6 49. Re1 Ne4+ 50. Kg1 Ne5 51. Rc1+ Kd4 52. Rxh6 Rxe8 53. Rh5 Rg8+ 54. Kh1 Ng3+ 0-1

[Event "Karl Mala Memorial op 15th"]
[Site "Frankfurt"]
[Date "2012.07.08"]
[Round "6"]
[White "Ernst, Rolf"]
[Black "Kersten, Uwe"]
[Result "0-1"]
[WhiteElo "2141"]
[BlackElo "2331"]
[PlyCount "82"]
[EventDate "2012.07.05"]
[EventType "swiss"]
[EventRounds "7"]
[EventCountry "GER"]
[SourceTitle "CBM 149 Extra"]
[Source "ChessBase"]
[SourceDate "2012.08.24"]
[SourceVersion "1"]
[SourceVersionDate "2012.08.24"]
[SourceQuality "1"]

1. d4 Nf6 2. Nf3 c5 3. e3 g6 4. Be2 Bg7 5. c4 cxd4 6. Nxd4 0-0 7. 0-0 d5 8. Nc3 dxc4 9. Qa4 Bd7 10. Qxc4 Qb6 11. Qb3 Qxb3 12. Nxb3 Rc8 13. Rd1 a5 14. Nd4 a4 15. Bd2 Nc6 16. Be1 Ne5 17. b3 axb3 18. axb3 Rxa1 19. Rxa1 Nc6 20. Nxc6 Bxc6 21. Ra5 h5 22. f3 e6 23. Bc4 Nd7 24. Nb5 Nb6 25. Be2 Bd5 26. Kf2 Bxb3 27. Nd6 Rc6 28. Nxb7 Rc2 29. Kf1 Nd5 30. Ra3 Nxe3+ 31. Kf2 Bc4 32. Rxe3 Bd4 33. Kf1 Bxe3 34. Bxc4 Rxc4 35. Ke2 Bf4 36. g3 Bc7 37. h4 Kf8 38. Bf2 Ke8 39. f4 Rc2+ 40. Kf3 Rb2 41. Nc5 Rxf2+ 0-1

[Event "Karl Mala Memorial op 15th"]
[Site "Frankfurt"]
[Date "2012.07.06"]
[Round "3"]
[White "Kunin, Vitaly L"]
[Black "Ernst, Rolf"]
[Result "1-0"]
[WhiteElo "2491"]
[BlackElo "2141"]
[PlyCount "59"]
[EventDate "2012.07.05"]
[EventType "swiss"]
[EventRounds "7"]
[EventCountry "GER"]
[SourceTitle "CBM 149 Extra"]
[Source "ChessBase"]
[SourceDate "2012.08.24"]
[SourceVersion "1"]
[SourceVersionDate "2012.08.24"]
[SourceQuality "1"]

1. d4 Nf6 2. c4 e6 3. Nf3 b6 4. g3 Ba6 5. Qa4 c6 6. Bg2 b5 7. cxb5 cxb5 8. Qb3 Nc6 9. 0-0 d5 10. Bg5 Bd6 11. Nbd2 Na5 12. Qd1 Bb7 13. Nb3 Nxb3 14. Qxb3 Qb6 15. Bxf6 gxf6 16. Rfc1 Ke7 17. Qe3 h5 18. h4 a5 19. Ne1 Rag8 20. Bf3 f5 21. Nd3 Bb8 22. Kf1 Qd6 23. Rc5 Qd7 24. Ne5 f4 25. Qxf4 f6 26. Qxf6+ Kxf6 27. Nxd7+ Kg6 28. Nxb8 Rxb8 29. Rxb5 a4 30. Rc1 1-0

[Event "Verbandsliga Sued Baden 0910"]
[Site "Germany"]
[Date "2010.03.28"]
[Round "8.4"]
[White "Ernst, Rolf"]
[Black "Scherer, Max"]
[Result "0-1"]
[WhiteElo "2211"]
[BlackElo "2234"]
[PlyCount "100"]
[EventDate "2009.10.11"]
[EventType "team-tourn"]
[EventRounds "9"]
[EventCountry "GER"]
[SourceTitle "EXT 2011"]
[Source "ChessBase"]
[SourceDate "2010.11.26"]
[SourceVersion "1"]
[SourceVersionDate "2010.11.26"]
[SourceQuality "1"]
[WhiteTeam "Dreilaendereck"]
[BlackTeam "Dreisamtal"]
[WhiteTeamCountry "GER"]
[BlackTeamCountry "GER"]

1. d4 b6 2. Nf3 Bb7 3. Bf4 Nf6 4. h3 c5 5. e3 g6 6. Be2 Bg7 7. 0-0 0-0 8. c3 d6 9. Nbd2 Nbd7 10. Bh2 Qc7 11. a4 a6 12. Qc2 Rac8 13. Rfd1 Qb8 14. Ne1 cxd4 15. exd4 Nd5 16. Bf3 f5 17. Qb3 Qa8 18. c4 N5f6 19. Nd3 Ne4 20. Nf4 Nxd2 21. Rxd2 Bxf3 22. gxf3 Rf7 23. Ne6 Bh6 24. Rc2 Qc6 25. Bf4 Bxf4 26. Nxf4 e5 27. d5 Nc5 28. Qa3 Qd7 29. b4 exf4 30. bxc5 bxc5 31. Qc1 g5 32. Re2 Re8 33. Raa2 Rfe7 34. Rxe7 Qxe7 35. Qc2 Qf6 36. Kf1 Rb8 37. Qd3 Re8 38. Re2 Rxe2 39. Kxe2 Qe5+ 40. Kf1 Kg7 41. Kg2 Kg6 42. Qb3 g4 43. Qb8 gxf3+ 44. Kh2 Kh6 45. Qd8 Qb2 46. Kh1 Qe5 47. Kh2 Kg6 48. h4 Qf6 49. Qe8+ Kh6 50. Kh3 Qg6 0-1